[Event "FIN-ch"]
[Site "Finland"]
[Date "1998.??.??"]
[Round "4"]
[White "Valkesalmi, Kimmo"]
[Black "Holmsten, Aleksei"]
[Result "0-1"]
[WhiteElo "2375"]
[BlackElo "2425"]
[PlyCount "62"]
[EventDate "1998.??.??"]
[EventType "tourn"]
[EventRounds "11"]
[EventCountry "FIN"]
[SourceTitle "EXT 2000"]
[Source "ChessBase"]
[SourceDate "1999.11.16"]
[SourceVersion "1"]
[SourceVersionDate "1999.11.16"]
[SourceQuality "1"]

1. c4 Nf6 2. g3 g6 3. Bg2 Bg7 4. Nc3 0-0 5. e4 c5 6. Nge2 Nc6 7. 0-0 d6 8. d3 Rb8 9. h3 a6 10. a4 e5 11. f4 exf4 12. Bxf4 Be6 13. Qd2 Ne8 14. Bh6 Nc7 15. Bxg7 Kxg7 16. Nd5 Ne5 17. b4 Bxd5 18. cxd5 cxb4 19. d4 Nc4 20. Qxb4 Ne3 21. Rfc1 Nxg2 22. Kxg2 Qe7 23. Nc3 b5 24. e5 bxa4 25. Qxd6 Qxd6 26. exd6 Nb5 27. Nxa4 Nxd6 28. Rc6 Nf5 29. Rxa6 Rb3 30. Nc5 Rxg3+ 31. Kf2 Rb8 0-1

[Event "Heart of Finland op 08th"]
[Site "Jyvaskyla"]
[Date "1998.??.??"]
[Round "?"]
[White "Valkesalmi, Kimmo"]
[Black "Nenonen, Jaakko"]
[Result "1-0"]
[WhiteElo "2375"]
[BlackElo "2065"]
[PlyCount "80"]
[EventDate "1998.07.??"]
[EventType "swiss"]
[EventRounds "9"]
[EventCountry "FIN"]
[SourceTitle "EXT 2000"]
[Source "ChessBase"]
[SourceDate "1999.11.16"]
[SourceVersion "1"]
[SourceVersionDate "1999.11.16"]
[SourceQuality "1"]

1. c4 e6 2. Nf3 Nf6 3. g3 d5 4. Bg2 Be7 5. 0-0 0-0 6. b3 Nbd7 7. Bb2 c6 8. d3 b6 9. e3 Bb7 10. Qe2 Qc7 11. Nc3 Rac8 12. Rac1 Qb8 13. Rfd1 Rfd8 14. Rc2 Nf8 15. Rdc1 Rd7 16. cxd5 exd5 17. Bh3 Ne6 18. Nd4 Rd6 19. Nxe6 fxe6 20. e4 d4 21. Nd1 e5 22. Bxc8 Qxc8 23. f3 Nh5 24. Nf2 Qe8 25. Ng4 Bg5 26. Rf1 Rg6 27. Bc1 Bc8 28. Rf2 Qe7 29. Bxg5 Qxg5 30. Qd2 Qe7 31. Rg2 c5 32. b4 Nf6 33. Nf2 Nh5 34. Qc1 Rc6 35. Ng4 Ba6 36. Qa3 Bc8 37. Qb3+ Be6 38. Qa4 Rc7 39. bxc5 bxc5 40. Nxe5 Bh3 1-0